| 000 | 00904nam a2200253 a 4500 | ||
|---|---|---|---|
| 003 | BLK | ||
| 005 | 20231220090234.0 | ||
| 007 | ta | ||
| 008 | 231220b bu |||||r|||| 00| | bu d | ||
| 020 | _a9786197430332 | ||
| 040 | _aBLK | ||
| 041 |
_aBUL _cBUL |
||
| 080 |
_9227592 _aБългарска литература _b821.163.2 _x-1 _z821.163.2-1 |
||
| 100 |
_9490095 _aМаргов, Борис Николов |
||
| 245 |
_aДоказателства за живота _cБорис Маргов ; подб. Руслана Маргова |
||
| 260 |
_9391719 _aСофия _bA&T Publ. _c2019 _f([София] : [J Point]) |
||
| 300 |
_a128 с. _c20 см |
||
| 380 | _aX | ||
| 700 |
_9490096 _aМаргова, Руслана Николова |
||
| 852 |
_aЦб 320707 _bЦб |
||
| 856 |
_i0.00 _ldisable |
||
| 942 |
_cKNG _n0 |
||
| 944 |
_a30560 _cГеновева Генчева _k30560 _lГеновева Генчева |
||
| 999 |
_c499314 _d499314 |
||